| 000 | 00414nam a2200181Ia 4500 | ||
|---|---|---|---|
| 001 | 3596 | ||
| 005 | 20260306145655.0 | ||
| 008 | 260306t2014||||xx |||||||||||||| ||spa|| | ||
| 041 | _aESP | ||
| 082 |
_a297 _bW12 |
||
| 100 |
_aWachtel, Nathan _eAUT |
||
| 245 | 0 | _aLa lógica de las hogueras | |
| 260 | _c2014 | ||
| 300 |
_a267 páginas : _c23 cm. |
||
| 650 | _aGEN | ||
| 654 | _aCHU | ||
| 942 |
_cLIB _dJUS _fJUS _2ddc _n |
||
| 999 |
_c3596 _d3596 |
||